000 00527nam a2200181Ia 4500
005 20250326123501.0
008 250326s9999 xx 000 0 und d
037 _aTextbook
040 _aFMSL
_beng
_cFMSL
041 _aeng
_2eng
084 _aX:71.44 P6
_qFMSL
100 _aBaru S
_9735262
245 0 _aStrategic consequences of India's ecnomic performance
_cBaru S
260 _aNew Delhi
_bNew Delhi, Academic Foundation
_c2006
300 _a496p
942 _cTB
_hX:71.44 P6
999 _c1269551
_d1269551